| 000 | 00383nam a22001697a 4500 | ||
|---|---|---|---|
| 005 | 20160627154103.0 | ||
| 008 | 160627b xxu||||| |||| 00| 0 eng d | ||
| 020 | _a81-7167-418-1 | ||
| 041 | _aeng | ||
| 082 | _b10513 | ||
| 100 |
_aStevenson, R.L. _92974 |
||
| 245 | _aTreasure Island | ||
| 260 |
_bRupa Clasics _c2004 |
||
| 300 | _a247 | ||
| 650 |
_aManagement _9241 |
||
| 942 | _cBK | ||
| 999 |
_c4299 _d4298 |
||